| 000 | 00346nam a22001457a 4500 | ||
|---|---|---|---|
| 003 | SGT | ||
| 020 | _a938426676-0 | ||
| 082 |
_a615.19 _bDAN |
||
| 100 | _aDANDAGVHAL, KARMLESH R. | ||
| 245 | _aPHARMACEUTICAL ORGANIC CHEMISTRY | ||
| 260 |
_aINDIA _bBIRLA PUB. _c2023 |
||
| 300 | _a70 | ||
| 650 | _aPHARMACEUTICAL CHEMISTRY | ||
| 942 |
_2ddc _cBK |
||
| 999 |
_c33025 _d33025 |
||